00382nam a2200157Ia 4500003000400000008004100004040001600045082001300061100001700074245002900091260003200120300001000152490002500162650001500187650002200202GCL140319s9999 xx 000 0 eng d aGCL / cGCL04a843bH H1 aHUGO, VICTOR10aHERNANI / cHUGO, VICTOR a[S.N] : bLE LIVRE DE POCHE a224 P aLE LIVRE DE POCHEv004aLITERATURE04aFRENCH LITERATURE